000 00354nam a2200121Ia 4500
008 200619s9999 xx 000 0 und d
020 _a9800000000000
100 _aUnger Roberto Mangabeira
245 0 _aWhat Should Legal Analysis Become?
264 _aLondon
_bVerso Books
_c2005
942 _cIR
999 _c120312
_d120312